Implementation of performance-based pay systems
Článok analyzuje súčasné prístupy odmeňovania na Slovensku. Pozitíva a negatíva stránky využívaných platových systémov na Slovensku. Platové systémy založené na výkonoch a ich efektívnosť ako motivácia pre zamestnancov. Návrh algoritmu pre platové systémy založené na výkonoch a ich implementácia.
Salvato in:
| Autore principale: | |
|---|---|
| Altri autori: | |
| Natura: | Capitolo di libro |
| Lingua: | inglese |
| Soggetti: | |
| Tags: |
Nessun Tag, puoi essere il primo ad aggiungerne!!
|
MARC
| LEADER | 00000nla$a2200000$$$4500 | ||
|---|---|---|---|
| 001 | 0117955 | ||
| 005 | 20240502083306.9 | ||
| 041 | 0 | |a eng | |
| 044 | |a LT | ||
| 245 | 1 | 0 | |a Implementation of performance-based pay systems |c Zuzana Joniaková, Zuzana Roby |
| 520 | |a Článok analyzuje súčasné prístupy odmeňovania na Slovensku. Pozitíva a negatíva stránky využívaných platových systémov na Slovensku. Platové systémy založené na výkonoch a ich efektívnosť ako motivácia pre zamestnancov. Návrh algoritmu pre platové systémy založené na výkonoch a ich implementácia. | ||
| 610 | 2 | 0 | |a odmeňovanie |
| 610 | 2 | 0 | |a motivácia pracovná |
| 610 | 2 | 0 | |a výkony podnikové |
| 610 | 2 | 0 | |a systémy platobné |
| 610 | 2 | 0 | |a algoritmy |
| 100 | 1 | |a Joniaková, Zuzana, 1970- | |
| 700 | 1 | |a Roby, Zuzana | |